Formulación de coonclusiones y recomendaciones de las comisiones de trabajo

محفوظ في:
التفاصيل البيبلوغرافية
مؤلف مشترك: Costa Rica. Oficina de Planificación Nacional y Política Económica
التنسيق: نص
منشور في: San José: OFIPLAN
الوسوم: إضافة وسم
لا توجد وسوم, كن أول من يضع وسما على هذه التسجيلة!

MARC

LEADER 00000 a a2200000 04500
001 15445
003
040
090 |a 019200  
110 |a Costa Rica. Oficina de Planificación Nacional y Política Económica  
245 |a Formulación de coonclusiones y recomendaciones de las comisiones de trabajo  
260 |a San José:   |b OFIPLAN  
300 |a 29; 2 p.  
999 |c 15027  |d 15027